[Event "Vienna GM February 2022"]
[Site "Vienna"]
[Date "2022.02.20"]
[Round "4.5"]
[White "Nagy, Gabor"]
[Black "Kraus, Tomas"]
[Result "1/2-1/2"]
[WhiteElo "2530"]
[BlackElo "2477"]
[Annotator "ChessBase"]
[PlyCount "134"]
[EventDate "2022.02.16"]
[EventType "tourn"]
[EventCountry "AUT"]
[SourceTitle "playchess.com"]
[Source "ChessBase"]
[SourceQuality "1"]
[TimeControl "40/5400+30:1800+30"]

1. c4 {[%emt 0:00:04]} c6 {[%emt 0:04:00]} 2. Nf3 {[%emt 0:00:42]} Nf6 {[%emt 0:00:40]} 3. g3 {[%emt 0:01:45]} d5 {[%emt 0:00:17]} 4. Bg2 {[%emt 0:00:08]} dxc4 {[%emt 0:00:14]} 5. O-O {[%emt 0:00:35]} Nbd7 {[%emt 0:00:17]} 6. Qc2 {[%emt 0:01:32]} Nb6 {[%emt 0:00:43]} 7. Na3 {[%emt 0:00:37]} Be6 {[%emt 0:00:23]} 8. Ne5 {[%emt 0:01:47]} h5 {[%emt 0:00:42]} 9. Naxc4 {[%emt 0:03:42]} Nxc4 {[%emt 0:00:19]} 10. Nxc4 {[%emt 0:00:08]} h4 {[%emt 0:00:22]} 11. d3 {[%emt 0:02:11]} hxg3 {[%emt 0:02:55]} 12. fxg3 {[%emt 0:00:54]} Bh3 {[%emt 0:21:09]} 13. Bxh3 {[%emt 0:07:46]} Rxh3 {[%emt 0:00:54]} 14. e4 {[%emt 0:08:36]} Ng4 {[%emt 0:23:09]} 15. Ne3 {[%emt 0:01:11]} Qd4 {[%emt 0:02:42]} 16. Qe2 {[%emt 0:08:16]} Ne5 {[%emt 0:00:39]} 17. Kg2 {[%emt 0:01:27]} Rh7 {[%emt 0:02:55]} 18. Rd1 {[%emt 0:00:31]} g6 {[%emt 0:01:34]} 19. Nc4 {[%emt 0:04:35]} Bg7 {[%emt 0:01:52]} 20. h4 {[%emt 0:05:40]} Rh5 {[%emt 0:06:28]} 21. Be3 {[%emt 0:04:11]} Qd7 {[%emt 0:00:20]} 22. Nxe5 {[%emt 0:00:08]} Rxe5 {[%emt 0:00:45]} 23. Rac1 {[%emt 0:01:15]} Rb5 {[%emt 0:04:16]} 24. b3 {[%emt 0:00:53]} Bd4 {[%emt 0:06:48]} 25. Bxd4 {[%emt 0:03:38]} Qxd4 {[%emt 0:00:06]} 26. Rc4 {[%emt 0:00:11]} Qd7 {[%emt 0:01:47]} 27. Qe3 {[%emt 0:01:35]} a5 {[%emt 0:12:39]} 28. d4 {[%emt 0:01:15]} Qg4 {[%emt 0:01:12]} 29. Rf1 {[%emt 0:00:57]} Qe6 {[%emt 0:00:51]} 30. Qf3 {[%emt 0:03:39]} a4 {[%emt 0:00:51]} 31. Rf2 {[%emt 0:09:02]} axb3 {[%emt 0:01:46]} 32. axb3 {[%emt 0:00:23]} Ra3 {[%emt 0:00:51]} 33. Ra4 {[%emt 0:08:03]} Rxa4 {[%emt 0:01:10]} 34. bxa4 {[%emt 0:00:07]} Rb4 {[%emt 0:00:03]} 35. Qf4 {[%emt 0:03:15]} Rxd4 {[%emt 0:00:36]} 36. Qb8+ {[%emt 0:00:10]} Rd8 {[%emt 0:00:07]} 37. Qxb7 {[%emt 0:00:15]} Qxe4+ {[%emt 0:00:12]} 38. Kh2 {[%emt 0:00:05]} Kf8 {[%emt 0:01:41]} 39. Qb3 {[%emt 0:01:43]} f6 {[%emt 0:00:19]} 40. a5 {[%emt 0:00:37]} Qe1 {[%emt 0:01:56]} 41. Qf3 {[%emt 0:31:34]} Qxa5 {[%emt 0:13:33]} 42. Qxc6 {[%emt 0:00:00]} Qe5 {[%emt 0:00:26]} 43. Qc2 {[%emt 0:00:00]} Kf7 {[%emt 0:00:39]} 44. Re2 {[%emt 0:00:00]} Qd5 {[%emt 0:00:15]} 45. Qc1 {[%emt 0:00:00]} Qd3 {[%emt 0:04:51]} 46. Rf2 {[%emt 0:00:00]} Rh8 {[%emt 0:01:52]} 47. Qf4 {[%emt 0:00:00]} Qd5 {[%emt 0:02:10]} 48. Rd2 {[%emt 0:00:00]} Qe6 {[%emt 0:00:01]} 49. Rf2 {[%emt 0:00:00]} Rh5 {[%emt 0:00:08]} 50. Qf3 {[%emt 0:00:00]} Qe5 {[%emt 0:00:57]} 51. Re2 {[%emt 0:00:00]} Qd6 {[%emt 0:02:10]} 52. Qb3+ {[%emt 0:00:00]} Kf8 {[%emt 0:00:44]} 53. Kg1 {[%emt 0:00:00]} Rd5 {[%emt 0:00:41]} 54. Qe3 {[%emt 0:00:00]} Qc5 {[%emt 0:01:08]} 55. Qxc5 {[%emt 0:00:00]} Rxc5 {[%emt 0:00:01]} 56. Kg2 {[%emt 0:00:00]} Rc3 {[%emt 0:00:41]} 57. Re6 {[%emt 0:00:00]} Kf7 {[%emt 0:00:14]} 58. Ra6 {[%emt 0:00:00]} Rb3 {[%emt 0:00:38]} 59. Rc6 {[%emt 0:00:00]} Ra3 {[%emt 0:00:05]} 60. Rb6 {[%emt 0:00:00]} Rd3 {[%emt 0:00:41]} 61. Ra6 {[%emt 0:00:00]} Rd6 {[%emt 0:00:28]} 62. Ra3 {[%emt 0:00:00]} Re6 {[%emt 0:01:24]} 63. Kf3 {[%emt 0:00:00]} Re5 {[%emt 0:00:07]} 64. Ra6 {[%emt 0:00:00]} Rf5+ {[%emt 0:00:09]} 65. Ke3 {[%emt 0:00:00]} Re5+ {[%emt 0:00:09]} 66. Kf3 {[%emt 0:00:00]} Kg7 {[%emt 0:00:03]} 67. Ra8 {[%emt 0:00:00]} Kf7 {[%emt 0:00:50]} 1/2-1/2

[Event "Vienna GM February 2022"]
[Site "Vienna"]
[Date "2022.02.21"]
[Round "5.1"]
[White "Dragnev, Valentin"]
[Black "Kraus, Tomas"]
[Result "1-0"]
[WhiteElo "2533"]
[BlackElo "2477"]
[Annotator "TA"]
[PlyCount "59"]
[EventDate "2022.02.16"]
[EventType "tourn"]
[EventCountry "AUT"]
[SourceTitle "playchess.com"]
[Source "ChessBase"]
[SourceQuality "1"]

{[%evp 9,59,10,14,14,14,8,4,6,21,7,22,4,22,15,16,20,38,16,20,0,0,0,0,0,0,0,0,0,0,0,0,0,0,-39,-54,-94,0,0,75,82,261,-352,276,275,270,260,256,242,1395,1371,1130,1104]} 1. e4 c6 2. d4 d5 3. e5 c5 4. Nf3 cxd4 5. Nxd4 Nc6 6. Nxc6 {B12: Caro-Kann: Advance Variation.} bxc6 7. Bd3 e6 8. O-O {The position is equal.} Ne7 9. Nd2 a5 10. Nf3 Ba6 11. Bxa6 Rxa6 12. c4 dxc4 {[#]} 13. Nd2 $146 ({Predecessor:} 13. Bd2 Qb6 14. Qc2 Nd5 15. Qxc4 Qb5 16. b3 Qxc4 17. bxc4 Nb6 18. Rab1 Bc5 19. Rfc1 {½-½ (30) Platino,M (2353)-Vekelis,G (2397) ICCF email 2020}) 13... Qd5 14. Qc2 Ng6 15. Nxc4 {aiming for Rd1.} Nxe5 16. Nxe5 Qxe5 17. Qd3 Ra8 18. Rd1 {[%csl Gd1][%cal Rd3d7]} Qd5 {Prevents Qd7+.} 19. Qe2 Qb5 20. Qg4 h5 {[%cal Bh7h5,Bh5h4][%mdl 32]} 21. Qg3 (21. Qd4 $5 {[%cal Rd4d7]} Qd5 22. Qa4 $11) 21... h4 $1 22. Qc7 {[%csl Gd1][%cal Rc7d7] [#]} Be7 (22... Bc5 $1 $17 23. Bg5 (23. a4 Qb6 $17) 23... O-O 24. Bxh4 Qxb2) 23. a4 $11 Qa6 (23... Qc4 $11 {remains equal.}) 24. Rd7 $16 {White is much more active. Black has bad knights.} Bd8 {[#]} (24... Bc5 $16) 25. Rxd8+ $1 $18 {[%mdl 576] Remove Defender} Rxd8 {[%cal Rd8d1]} 26. Bg5 {[%csl Gg5][%cal Rc7d8]} f6 27. Qxg7 $40 {[%mdl 128] White is out for blood.} Rf8 28. Bxf6 {[%csl Gf6][%cal Rg7e7] The board is on fire.} ({Inferior is} 28. Re1 Qe2 29. Qg6+ (29. Rxe2 $2 {is a self mate.} Rd1+) (29. Qxf8+ {leads to mate.} Kxf8 30. g3 h3 31. Bh6+ Kf7) 29... Ke7 30. Qg7+ (30. Rxe2 $2 Rd1+) (30. Bxf6+ Rxf6 31. Qg7+ Ke8 $11) 30... Ke8 31. Qg6+ (31. Rxe2 $2 Rd1+) (31. Qxf8+ Kxf8 32. Bh6+ Kf7 33. g4 h3) 31... Ke7 32. Qg7+ (32. Rxe2 $2 Rd1+) (32. Bxf6+ Rxf6 33. Qg7+ Ke8 $11) 32... Ke8 $11) 28... Rd7 {To avoid Qe7+} (28... Rxf6 29. Qxf6 Qe2 30. Qh8+ Kd7 31. Qxh4 Kc8) 29. Qg6+ Rdf7 30. Rd1 {Weighted Error Value: White=0.06 (flawless) /Black=0.25 (precise)} 1-0

[Event "Vienna GM February 2022"]
[Site "Vienna"]
[Date "2022.02.21"]
[Round "5.2"]
[White "Sahidi, Samir"]
[Black "Nagy, Gabor"]
[Result "1/2-1/2"]
[WhiteElo "2432"]
[BlackElo "2530"]
[Annotator "TA"]
[PlyCount "145"]
[EventDate "2022.02.16"]
[EventType "tourn"]
[EventCountry "AUT"]
[SourceTitle "playchess.com"]
[Source "ChessBase"]
[SourceQuality "1"]

{[%evp 17,145,25,2,7,40,27,44,29,25,17,37,22,54,45,87,0,0,0,37,30,81,70,91,70,86,64,59,41,50,59,66,64,85,43,30,33,46,39,50,43,31,37,43,22,123,123,138,54,57,55,57,32,143,26,28,8,8,5,25,25,37,21,18,8,9,8,13,7,7,0,16,8,8,8,8,8,22,0,0,0,8,8,8,7,22,22,22,8,8,8,8,8,8,8,8,8,8,8,8,8,8,8,8,8,8,8,8,8,8,8,8,8,8,8,8,8,8,8,8,8,8,8,8,8,8,0,8,8,8,0]} 1. d4 Nf6 2. c4 e6 3. Nf3 b6 4. g3 Ba6 5. Qc2 Bb7 6. Bg2 c5 7. O-O Nc6 8. dxc5 Bxc5 9. Nc3 O-O 10. Rd1 {E17: Queen's Indian: 4 g3 Bb7 5 Bg2 Be7.} h6 11. a3 Rc8 12. Bf4 {[#] White is slightly better.} a5 $146 ({Predecessor:} 12... d5 13. cxd5 exd5 14. Bh3 Ra8 15. b4 Bd6 16. Qd2 Re8 17. Be3 Ne5 18. Nxe5 Bxe5 {½-½ (51) Koerholz,L (2255)-Schienmann,B (2245) Germany 1990}) 13. Na4 Ne7 14. Nxc5 bxc5 15. Be5 Nf5 (15... Be4 $14 {feels stronger.} 16. Qc3 Ne8) 16. Ne1 {White is more active.} (16. Bxf6 $16 Qxf6 17. e4 (17. Rxd7 Bxf3 18. exf3 Rfd8 $11)) 16... Bxg2 $11 17. Nxg2 {[%cal Be1g2,Bg2f4,Bf4h5][%mdl 32]} Ng4 18. Bc3 Qc7 (18... d6 $11) 19. Qe4 $1 $16 Nf6 20. Bxf6 gxf6 21. Nf4 Nd4 22. Nh5 {White wants to mate with Qg4+.} f5 {Inhibits Qg4+.} 23. Qe3 Kh7 24. b4 $40 {[%mdl 128] Black must now prevent bxc5. White is up to no good.} d6 25. Rab1 (25. b5 $1 $16) 25... axb4 $14 26. axb4 Qe7 27. Rb2 Qg5 28. Nf4 (28. bxc5 $5 dxc5 29. Nf4 $14) 28... e5 29. Nd5 cxb4 30. Rxb4 f4 (30... Rb8 $11 {keeps the balance.}) 31. Qd3+ $1 $16 Kh8 {[#]} 32. Rb6 (32. Nxf4 $1 $16 {[%cal Ob4b6][%mdl 512]} Rb8 33. Rxb8 Rxb8 34. Kg2 $1) 32... fxg3 $1 $14 33. hxg3 Rfd8 $1 34. Kg2 Kg7 {[#]} (34... Rb8 $1 $14) 35. Rb7 ({Better is} 35. Rh1 $1 $16) 35... Rb8 $11 36. Rdb1 {The board is on fire.} Rxb7 37. Rxb7 Qg6 38. Qxg6+ Kxg6 {[%mdl 4096] Endgame KRN-KRN} 39. e3 Ne6 {The position is equal.} 40. Rb6 h5 41. Rc6 Kg7 42. Ne7 Kf6 {To avoid Nf5} 43. Nd5+ Kg7 44. f4 exf4 45. gxf4 Nc5 46. Kf3 f5 47. Nc3 (47. Ne7 $5 {[%cal Re7f5]} Kf6 48. Nc8 $11) 47... h4 48. Kg2 Re8 49. Nb5 Ne4 50. Kh3 Kg6 51. Nxd6 Re6 52. Nc8 Rxc6 ({Much less strong is} 52... Nf2+ 53. Kxh4 Rxc6 54. Ne7+ Kf7 55. Nxc6 $16) 53. Ne7+ Kh5 $1 {( -> ...Rc5)} 54. Nxc6 {Threatens to win with Ne7. KN-KN} Nf2+ 55. Kg2 Nd1 56. Ne5 Nxe3+ 57. Kh3 Nc2 58. c5 {White threatens c6 and mate.} Nb4 59. c6 {Intending c7 and mate.} Nd5 60. Nd3 Ne7 61. Nb4 Kg6 62. Kxh4 Kf6 63. Kh5 Nc8 64. c7 Ke6 65. Kg5 Kd6 66. Na6 Ke6 $1 67. Kg6 Ne7+ 68. Kg7 {Kf8 would kill now.} Nc8 $1 69. Kf8 {Threatening mate with Ke8.} Nd6 70. Nb8 Nc8 71. Na6 {Hoping for Ke8.} ({Don't take} 71. Ke8 $6 Nd6+ 72. Kf8 (72. Kd8 Nf7+ 73. Ke8 Nd6+ 74. Kf8 Nc8 $14) 72... Nc8 $14) 71... Nd6 72. Nb4 Kd7 73. Na6 {Weighted Error Value: White=0.14 (very precise) /Black=0.13 (very precise)} 1/2-1/2

[Event "Vienna GM February 2022"]
[Site "Vienna"]
[Date "2022.02.21"]
[Round "5.3"]
[White "Baenziger, Fabian"]
[Black "Froewis, Georg"]
[Result "*"]
[WhiteElo "2418"]
[BlackElo "2449"]
[Annotator "TA"]
[PlyCount "39"]
[EventDate "2022.02.16"]
[EventType "tourn"]
[EventCountry "AUT"]
[SourceTitle "playchess.com"]
[Source "ChessBase"]
[SourceQuality "1"]

{[%evp 11,26,26,25,30,28,-10,28,35,39,35,35,33,46,35,36,47,57]} 1. d4 d5 2. c4 e6 {[%cal Be7e6,Be6d5,Bd5e4][%mdl 32]} 3. Nf3 Nf6 4. Nc3 c5 5. cxd5 cxd4 6. Qxd4 exd5 7. e4 {D41: Queen's Gambit Declined: Semi-Tarrasch with 5 cxd5.} dxe4 {The modern move.} 8. Qxd8+ Kxd8 9. Ng5 {[%csl LRe4,LRf7] White has an edge.} Be6 {White is slightly better.} 10. Nxe6+ fxe6 11. Bg5 Ke7 12. O-O-O h6 13. Bxf6+ gxf6 {[#]  Weighted Error Value: White=0.02 (flawless) /Black=0.03 (flawless)} {Predecessor:} 14. Nxe4 $146 f5 15. Ng3 h5 16. Bc4 Nd7 17. Kb1 Ne5 18. Bb3 Kf6 19. Rhe1 Re8 20. Ba4 {1-0 (41) Mamedyarov,S (2767)-Duda,J (2760) Wijk aan Zee 2022} *

[Event "Vienna GM February 2022"]
[Site "Vienna"]
[Date "2022.02.21"]
[Round "5.4"]
[White "Horvath, Dominik"]
[Black "Baumegger, Siegfried"]
[Result "1-0"]
[WhiteElo "2483"]
[BlackElo "2464"]
[Annotator "TA"]
[PlyCount "81"]
[EventDate "2022.02.16"]
[EventType "tourn"]
[EventCountry "AUT"]
[SourceTitle "playchess.com"]
[Source "ChessBase"]
[SourceQuality "1"]

{[%evp 9,81,0,12,21,13,35,48,48,48,44,60,56,58,60,44,47,47,29,57,56,44,-8,-5,-23,32,40,31,20,12,20,19,3,5,0,107,125,123,109,106,106,114,114,115,83,175,169,174,72,89,88,104,8,8,8,8,0,14,0,0,0,7,0,0,0,10,8,18,8,8,8,256,250,29989,29990]} 1. e4 c5 2. c3 e5 3. Nf3 Nc6 4. Bc4 Nf6 5. d4 cxd4 6. Ng5 {B22: Sicilian: 2 c3.} d5 7. exd5 b5 8. Bxb5 {White is slightly better.} Qxd5 9. Qb3 Bd7 10. Qxd5 Nxd5 11. Bc4 Be6 12. Nxe6 fxe6 13. O-O {[#]} Bc5 $146 ({Predecessor:} 13... Rb8 14. cxd4 exd4 15. Nd2 Be7 16. Re1 Kd7 17. a3 Na5 18. Ba2 Rhe8 19. b4 Nc6 {1-0 (50) Rebord,M (2486)-Lujambio,A (1928) ICCF email 2008}) 14. Nd2 dxc3 15. Bb5 Rc8 $1 $11 16. Ne4 {[%csl LRc3,LRc5]} Be7 (16... Bd4 $1 $11) 17. bxc3 O-O 18. Bd2 Rfd8 19. Rfd1 $36 {[%mdl 2048] White has the initiative.} Na5 20. Rac1 Nc4 21. Bg5 {aiming for Bxe7. This bishop pair is nice.} Bf6 (21... Kf7 $11) 22. Nxf6+ (22. Ba6 {is interesting.} Rc6 23. Nxf6+ gxf6 24. Bxf6 Rb8 25. Bxc4 Nxf6 26. Bb3) 22... gxf6 {[#]} 23. Bxf6 {[%mdl 512]} Nxf6 24. Rxd8+ {[%mdl 64] Overworked Piece} Rxd8 25. Bxc4 $16 {[%mdl 4096] Endgame KRB-KRN} Kf7 26. Rb1 Rd2 (26... Ne4 $16) 27. Rb7+ $18 Kg6 28. h3 ({Stronger than} 28. Rxa7 Rd1+ 29. Bf1 Ne4 $11) (28. Kf1 $18) 28... Ne4 $16 {[%csl LRc3,LRf2]} 29. Rxa7 ({Don't take} 29. Bxe6 a5 30. Bg8 Nxc3 31. Bxh7+ (31. Rxh7 Ne2+ 32. Kh2 Rd8 $14) 31... Kf6 $18) 29... Nxf2 30. Re7 (30. a4 $16) 30... Nd1 $1 $11 31. Bxe6 {[#] Black must now prevent Rd7.} Ne3 32. a4 {[%cal Ba2a4,Ba4a5,Ba5a6][%mdl 32]} Rxg2+ (32... Kf6 $5 33. Re8 Rxg2+ 34. Kh1 Rc2 $11) 33. Kh1 Kf6 34. Re8 Rc2 35. Bc8 Rxc3 36. a5 Ra3 37. a6 Nc4 38. h4 Kf7 39. Re6 {Hoping for Rc6.} Ra2 $2 (39... e4 $11) 40. Rc6 $18 Nd2 $2 (40... Ra1+ $18 41. Kg2 Ra2+ 42. Kg1 Ra1+ 43. Kf2 Nd2) 41. Be6+ {Weighted Error Value: White=0.15 (very precise) /Black=0.39} 1-0

[Event "Vienna GM February 2022"]
[Site "Vienna"]
[Date "2022.02.21"]
[Round "5.5"]
[White "Diermair, Andreas"]
[Black "Menezes, Christoph"]
[Result "1-0"]
[WhiteElo "2469"]
[BlackElo "2415"]
[Annotator "TA"]
[PlyCount "67"]
[EventDate "2022.02.16"]
[EventType "tourn"]
[EventCountry "AUT"]
[SourceTitle "playchess.com"]
[Source "ChessBase"]
[SourceQuality "1"]

{[%evp 9,67,17,23,-10,0,0,30,36,40,34,32,17,19,22,21,27,32,27,29,33,12,19,16,25,21,20,60,13,18,0,35,35,41,31,338,339,600,580,585,495,1078,596,554,564,992,891,1393,340,343,337,338,335,337,344,332,285,342,292,326,330]} 1. d4 Nf6 2. Nf3 d5 3. c4 e6 4. Nc3 dxc4 5. e4 Bb4 6. Bxc4 {D24: Queen's Gambit Accepted: 3 Nf3 Nf6 4 Nc3.} Nxe4 7. O-O Nf6 8. Qa4+ $1 {White has an edge.} Nc6 9. Ne5 Rb8 (9... Bd7 10. Nxc6 Bxc3 11. Nxd8 $16) 10. Rd1 {d5 is the strong threat.} O-O 11. Nxc6 bxc6 12. Qxa7 Bd7 13. Qa4 c5 14. Qc2 cxd4 15. Rxd4 h6 {To avoid Bg5} 16. Bf4 Bc5 {[#]} 17. Rd3 $146 {[%mdl 2048] White has good play.} ({Predecessor:} 17. Rd2 Qe7 18. Ne4 Nxe4 19. Qxe4 Bd6 20. Rad1 Bb5 21. b3 Bxc4 22. Qxc4 Bxf4 23. Qxf4 {½-½ (70) Giri,A (2764)-Svidler,P (2723) chess24.com INT 2020}) 17... Bb6 18. Rad1 (18. Qe2 $14) 18... Qe7 $11 19. Qe2 Rfd8 20. Qd2 {Hoping for Be5.} e5 21. Be3 {Prevents Qc5.} c5 $2 {[%mdl 8192] [#] This costs Black the game.} (21... Bxe3 $14 22. Qxe3 Rxb2) 22. Bxh6 $1 $18 gxh6 (22... Be6) 23. Qxh6 {Intending Nd5 and mate.} (23. Rg3+ $2 Kh7 24. Qd6 (24. Nd5 $2 Nxd5 25. Qc2+ Kh8 $19) 24... Qxd6 25. Rxd6 Be6 26. Rxd8 Rxd8 $19) 23... Bg4 24. Rg3 Bc7 (24... Rxd1+ $142 25. Nxd1 Bd8) 25. Nd5 Rxd5 26. Rxd5 (26. Bxd5 e4 27. Qg5+ Kf8 28. Qh6+ (28. Rxg4 Nxg4 29. Qxg4 e3 $16) 28... Kg8 29. Qg5+ Kf8 30. Qh6+ (30. Rxg4 Nxg4 31. Qxg4 e3 $16) 30... Kg8 $16) 26... Qe6 {[#]} 27. h3 $1 {[%mdl 512]} Qf5 {[#]} (27... Rb6 28. Rd8+) 28. b3 $2 (28. Rd7 $3 {[%mdl 512]} Nxd7 29. Rxg4+ Qxg4 30. hxg4) 28... Qf4 {White has a decisive advantage.} 29. Qxf4 {Chess con chili.} ({Resist} 29. Rxg4+ Nxg4 30. Qxf4 exf4 31. hxg4 Rd8 32. Rxc5 Rd1+ 33. Kh2 Bb6) 29... exf4 30. Rxg4+ Nxg4 31. hxg4 Rd8 32. Rg5+ Kf8 33. Kf1 Rd2 34. Rf5 {Weighted Error Value: White=0.51/Black=0.53} ({Weaker is} 34. Rxc5 Bb6 35. Rb5 Rxf2+ 36. Kg1 Bd4 $16) 1-0

[Event "Vienna GM February 2022"]
[Site "Vienna"]
[Date "2022.02.22"]
[Round "6.1"]
[White "Menezes, Christoph"]
[Black "Dragnev, Valentin"]
[Result "1/2-1/2"]
[WhiteElo "2415"]
[BlackElo "2533"]
[Annotator "TA"]
[PlyCount "80"]
[EventDate "2022.02.16"]
[EventType "tourn"]
[EventCountry "AUT"]
[SourceTitle "playchess.com"]
[Source "ChessBase"]
[SourceQuality "1"]

{[%evp 18,80,31,44,41,42,62,58,65,53,56,50,50,52,74,51,54,52,58,57,53,61,57,52,64,62,55,50,59,60,42,41,47,51,51,39,71,47,67,42,52,42,52,27,20,34,23,23,35,28,23,16,16,16,31,14,22,35,25,0,7,0,31,0,8]} 1. d4 Nf6 2. c4 e6 3. Nf3 d5 4. Nc3 Be7 5. Bf4 O-O 6. e3 c5 7. dxc5 Bxc5 8. a3 Nc6 9. Qc2 Qa5 10. Rd1 Rd8 {D37: Queen's Gambit Declined: 5 Bf4.} 11. Nd2 ({Reject} 11. b4 Nxb4 $1 12. Qa4 (12. axb4 Bxb4 13. Be5 Ne4 $17) 12... Qxa4 13. Nxa4 Ne4 $1 $17) 11... d4 {[#]} 12. Nb3 $1 Qb6 {White is slightly better.} 13. Na4 {[%csl LRb6,LRc5]} Bb4+ $1 14. axb4 Qxb4+ 15. Nd2 {Black must now prevent Be2.} Qa5 {aiming for ...Nb4.} 16. Qb3 {Qb5 is the strong threat.} e5 17. Bg5 Nb4 $1 18. Bxf6 gxf6 19. Be2 Bd7 20. Ra1 dxe3 21. fxe3 {Strongly threatening 0-0.} b5 {[#]} 22. O-O $1 bxa4 23. Qc3 $1 {Threatens to win with Ne4.} f5 {Inhibits Ne4.} 24. Nf3 {[%mdl 1024] White has compensation.} f6 25. Nh4 Nc6 26. Qa3 $1 ({Of course not} 26. Qxa5 Nxa5 27. Nxf5 Nb3 $11) 26... e4 27. c5 {[#]} ({Worse is} 27. Qxa4 Qd2 28. Rf2 {[#]} Nd4 $1 $17 {[%mdl 512]}) (27. Bd1 $5 {[%cal Rd1a4]}) 27... Kg7 $146 ({Predecessor:} 27... Qb4 28. Nxf5 Qxa3 29. bxa3 Bxf5 30. Rxf5 Kg7 31. Rf4 Rd2 32. Bb5 Ne5 33. Rxe4 Rb8 {½-½ (62) Sturt,R (2500)-Ter Sahakyan,S (2643) Belgrade 2021}) 28. Nxf5+ (28. Bd1 {is interesting.} Be6 29. Nxf5+ Bxf5 30. Rxf5 Rd5 31. Bg4) 28... Bxf5 29. Rxf5 {Hoping for Qa2.} Rab8 {[%cal Ba8b8,Bb8b2,Bb2c2][%mdl 32]} 30. Qxa4 Qxa4 31. Rxa4 Rxb2 32. Bf1 Rc2 33. Rxe4 Ne5 $1 34. Ref4 Rf8 35. Ra4 $36 {[%mdl 2048] White is more active.} Rf7 36. Ra5 Rc7 37. Ra6 Rf7 38. Ra5 Rc7 39. Ra6 Rf7 40. Ra5 Rc7 {Weighted Error Value: White=0.07 (flawless) /Black=0.04 (flawless)} 1/2-1/2

[Event "Vienna GM February 2022"]
[Site "Vienna"]
[Date "2022.02.22"]
[Round "6.3"]
[White "Froewis, Georg"]
[Black "Horvath, Dominik"]
[Result "1/2-1/2"]
[WhiteElo "2449"]
[BlackElo "2483"]
[Annotator "TA"]
[PlyCount "102"]
[EventDate "2022.02.16"]
[EventType "tourn"]
[EventCountry "AUT"]
[SourceTitle "playchess.com"]
[Source "ChessBase"]
[SourceQuality "1"]

{[%evp 9,102,0,5,0,5,15,19,0,0,0,0,0,3,0,0,0,0,0,12,5,13,15,8,-10,14,14,12,0,2,-12,-10,-14,-16,-20,0,0,0,0,0,-36,-36,-36,-14,-29,-29,-29,-29,-29,-29,-29,-29,-29,-29,-37,-29,-29,-29,-29,-29,-29,-29,-29,-29,-29,0,-43,-38,-43,-21,-43,-29,-29,-29,-43,-29,-29,-29,-29,-29,-29,-29,-36,-21,-44,-29,-37,-21,-21,0,-24,-24,-49,-33,-56,-56]} 1. c4 e5 2. Nc3 Nf6 3. Nf3 Nc6 4. e3 Bb4 5. Qc2 d6 6. d3 {A28: English Opening: Four Knights Variation.} O-O 7. Be2 Bf5 8. Bd2 {The position is equal.} Re8 9. a3 Bxc3 10. Bxc3 e4 11. Nd2 exd3 12. Bxd3 Bxd3 13. Qxd3 {[#]} Qe7 $146 ({Predecessor:} 13... a5 14. O-O a4 15. f4 Qe7 16. Rf3 Ne4 17. Rh3 g6 18. Nxe4 Qxe4 19. Qf1 Re7 {0-1 (48) Niewold,J (1937)-Raessler,A (2331) ICCF email 2015}) 14. O-O Ne4 15. Nxe4 Qxe4 16. Rad1 a5 17. Qd5 Re6 18. a4 b6 19. b3 Ne7 20. Qxe4 Rxe4 21. Rd3 f5 22. f3 Re6 23. Kf2 Nc6 24. Rd5 g6 25. h3 Rae8 26. Rd3 Nb8 27. Bb2 Na6 28. Ba3 h5 29. h4 Kg7 30. Rfd1 Kf7 31. Rc3 Nb8 32. Rcd3 Nd7 33. Re1 Rg8 34. Rh1 Ne5 35. Rd5 Rge8 36. Re1 Nd7 37. Rd3 $1 Ke7 38. Ra1 Ne5 39. Rc3 Kd7 40. Rd1 Kc6 41. Re1 Nd7 42. Rd3 Rg8 43. Rh1 Re7 44. Rd2 Rge8 45. Rd3 Ne5 (45... Rf8 {looks sharper.} 46. Rd5 Re6 47. Rd2 Rfe8 48. Re1 Rb8) 46. Rc3 (46. Rd2 {keeps more tension.} Rf7 47. Bb2 Nd7 48. Bd4 Nc5 49. Rb1) 46... Kb7 47. Rd1 Rd7 48. Rc2 Rde7 49. Re2 Nd7 50. Ree1 Kc6 51. Re2 Re6 {Weighted Error Value: White=0.06 (flawless) /Black=0.06 (flawless)} 1/2-1/2